Cinta Kedua

Bibliographic Details
Main Author: Khadijah Hashim
Format: Book
Published: Kuala Lumpur : 'K' Publishing & Distributor , 1988
Subjects:

MARC

LEADER 00000cam a2200000 7i4500
001 0000002947
005 20050422.0
020 |a 9838520284 
040 |a INS 
090 0 0 |a PL5136.   |b K45 1988 
100 1 |a Khadijah Hashim 
245 1 0 |a Cinta Kedua   |c Khadijah Hashim 
260 |a Kuala Lumpur :   |b 'K' Publishing & Distributor ,   |c 1988 
300 |a 190p. ;   |c 18 cm. 
650 0 0 |a Malay fiction 
650 0 0 |a Malay literature 
999 |a 0000004309   |b BOOK   |c Open Shelf   |e Default branch